Niebla

Gespeichert in:
Bibliographische Detailangaben
1. Verfasser: Unamuno, Miguel de (VerfasserIn)
Format: Buch
Sprache:Spanisch
Veröffentlicht: Santiago Nascimento 1980
Schriftenreihe:Biblioteca Popular Nascimento
Schlagworte:
Tags: Tag hinzufügen
Keine Tags, Fügen Sie den ersten Tag hinzu!

MARC

LEADER 00000nam a2200000 a 4500
001 UCR3326
003 CL-VaPUC
008 980124e19800000CL |||||||||||||||||spa|d
082 0 4 |a 863  |b UNA  |2 21 
100 0 |a Unamuno, Miguel de  |e author  |9 312478 
245 1 0 |a Niebla 
300 |a 200 p 
942 |c BK 
945 |d 19980124 00:00:00  |a aolguin 
260 |a Santiago  |b Nascimento  |c 1980 
650 0 |a Novelas españolas  |9 265052 
650 0 |a Literatura española  |9 306261 
583 |a last modification  |c 20160520 16:16:31  |k Rodrigo Vera 
490 0 |a Biblioteca Popular Nascimento 
999 |c 266409  |d 266407 
952 |0 0  |1 0  |4 0  |6 863_000000000000000_UNA_1980  |7 0  |8 R  |9 297978  |a BIBEDU  |b BIBEDU  |c MCIRC  |d 2019-11-20  |i 2890194  |o 863 UNA 1980  |p 2890194  |r 2023-01-13  |w 2019-11-20  |y BK_R  |k LIT